Nuova enciclopedia del matrimonio (Record n. 209572)
[ formato base ]
| 000 -LEADER | |
|---|---|
| fixed length control field | 00868nam a2200205Ia 4500 |
| 001 - CONTROL NUMBER | |
| control field | c117-22577 [1079] |
| 003 - CONTROL NUMBER IDENTIFIER | |
| control field | IT-MiCISF |
| 008 - FIXED-LENGTH DATA ELEMENTS--GENERAL INFORMATION | |
| fixed length control field | 161014s9999||||xx |||||||||||||| ||und|| |
| 040 ## - CATALOGING SOURCE | |
| Original cataloging agency | IT-MiCISF |
| Transcribing agency | IT-MiCISF |
| 041 ## - LANGUAGE CODE | |
| Language code of text/sound track or separate title | it |
| 999 ## - SYSTEM CONTROL NUMBERS (KOHA) | |
| Koha Dewey Subclass [OBSOLETE] | si |
| 100 ## - MAIN ENTRY--PERSONAL NAME | |
| Personal name | Goffi Tullo (a cura di) |
| 245 #0 - TITLE STATEMENT | |
| Title | Nuova enciclopedia del matrimonio |
| 250 ## - EDITION STATEMENT | |
| Edition statement | 1a ed. |
| 260 ## - PUBLICATION, DISTRIBUTION, ETC. (IMPRINT) | |
| Place of publication, distribution, etc. | Brescia |
| Name of publisher, distributor, etc. | Queriniana |
| Date of publication, distribution, etc. | 1988 |
| 300 ## - PHYSICAL DESCRIPTION | |
| Extent | p. 590 |
| 500 ## - GENERAL NOTE | |
| General note | Ancona L., Brovetto C., Campanini G., Cappellini E., D'Aquino P., Della Torre L., De Sandre P., Levi R., Maggioni B., Moneta Caglio E., Moro A.C., Piana G., Ruffini E., Tettamanzi D. / amore, coniugi, educazione, sessualità, celebrazione-matrimonio, storia, teologia, bibbia, legislazione, diritto-canonico, matrimonio-misto, matrimonio-sacramento, spiritualità-coniugale / |
| 650 ## - SUBJECT ADDED ENTRY--TOPICAL TERM | |
| Topical term or geographic name as entry element | matrimonio |
| 942 ## - ADDED ENTRY ELEMENTS (KOHA) | |
| Koha item type | LIBRO |
| 957 ## - | |
| -- | 1 |
| 999 ## - SYSTEM CONTROL NUMBERS (KOHA) | |
| -- | 1 |
| Withdrawn status | Lost status | Damaged status | Not for loan | Home library | Current library | Date acquired | Total Checkouts | Full call number | Date last seen | Price effective from | Koha item type | Public note |
|---|---|---|---|---|---|---|---|---|---|---|---|---|
| Buone Condizioni | Not For Loan | CISF - Milano | CISF - Milano | 14/10/2016 | c117-22577 [1079] | 14/10/2016 | 14/10/2016 | LIBRO | Data import 15.10.2016 / by Epidotti, Vaglietti |